000 01344cac a2200373 i 4500
003 EG-GICUC
005 20260304100855.0
008 260304s2007 nyuab frb 001 0 eng d
020 _a9781599412740
_qteacher's manual
040 _aDLC
_cDLC
_beng
_dEG-GiCUC
_erda
050 0 0 _aKZ7050
_b.V36 2007
082 0 4 _221
_a343.5
092 0 4 _221
099 _aLaw 10 2007
100 1 _aVan Schaack, Beth.
245 1 0 _aTeacher's manual International criminal law and its enforcement :
_bcases and materials /
_cby Beth Van Schaack, Ronald C. Slye.
246 1 _iAt head of title:
_aCases and materials
264 _aNew York, NY :
_bFoundation Press,
_c2007.
300 _a270 page ;
_c26 cm.
_billustrations,
336 _atext
_2rdacontent
337 _aComputer
_2rdamedia
338 _aOnline Resource
_2rdacarrier
490 0 _aUniversity casebook series
504 _aBibliography: pages 200-250.
650 0 _aInternational criminal law
_vCases.
_2qrmak
650 0 _aInternational crimes
_xLaw and legislation
_vCases.
_2qrmak
650 0 _aCrimes against humanity (International law)
_vCases.
_2qrmak
650 0 _aWar crimes (International law)
_vCases.
_2qrmak
651 1 _2qrmak
700 1 _aSlye, Ronald.
856 4 0 _uhttps://fll.law.cu.edu.eg/fulltext/bks/ENGB10-00121.pdf
905 _a10
942 _2ddc
_cBK
_e21
_n0
999 _c64896
_d64896